LEADER 01312nam a2200277 u 4500 001 000000049718 003 CaOOAMICUS 005 20070226115137.0 008 000710r19691899stk u000 u eng u 035 $a10851928 040 $aPUL(R)$bita 100 1 $aSmith, Henry Preserved,$d1847-1927.$0(OLS)http://pul/name/24569 245 12$aA critical and exegetical commentary on the Books of Samuel /$cby Henry Preserved Smith .. 260 $aEdinburgh :$bT. & T. Clark,$c1969. 300 $axxxix, 421 p. ;$c22 cm 490 1 $aInternational critical commentary on the Holy Scriptures of the Old and New Testaments 500 $aInclude indici. 500 $aRistampa della 1. ed. del 1899. 630 04$aBiblia.$pV.T.$pSamuelis I-II$xCommenti.$0(OLS)http://pul/subject/37746 830 0$aInternational critical commentary on the Holy Scriptures of the Old and New Testaments.$0(OLS)http://pul/title/41926 850 $aPUL 852 $aPUL$W1$xDP1 Fondo Ciprotti$y59$m1533 G 15$j66012$nBK-PRI$b $qFondi$B66012$CPULBib$Z2$F66012 $H $81 941 1 $a1 961 $aINV: 0412. Fondo Ciprotti 996 $6245$aA critical and exegetical commentary on the Books of Samuel$9(OLS)http://pul/title/41941 996 $6260$aEdinburgh :$bT. & T. Clark$9(OLS)http://pul/publisher/51693 LEADER 01302nam a2200313 a 4500 001 000000139140 003 CaOOAMICUS 005 20140708152415.0 008 140708s1992 it u000 u ita r 020 $a88-211-9555-4 040 $aPUL$bita 100 1 $aBrezzi, Francesca.$0(OLS)http://pul/name/31730 245 10$aA partire dal gioco :$bper i sentieri di un pensiero ludico /$cFrancesca Brezzi ; prefazione di Paul Ricoeur . 260 $aGenova :$bMarietti,$c1992. 300 $aXII, 134 p. ;$c20 cm 490 1 $aSaggi e ricerche 504 $aContiene indicazioni bibliografiche. 630 04$aBiblia.$0(OLS)http://pul/subject/2876 650 4$aGiochi.$0(OLS)http://pul/subject/19855 700 1 $aRicoeur, Paul,$d1913-2005.$0(OLS)http://pul/name/31003 830 0$aSaggi e ricerche (Marietti).$0(OLS)http://pul/title/18355 850 $aPUL 852 $aPUL$W1$xDP1 Filosofia 1$y19$m590 I 93$j160729$qStampati$B160137$CPULBib$Z2$F160137 $H69044 $82 941 1 $a8 960 $aBibbia$92876 996 $6020$a88-211-9555-4 $9(OLS)http://pul/number/155712 996 $6245$aA partire dal gioco :$bper i sentieri di un pensiero ludico$9(OLS)http://pul/title/176170 996 $6260$aGenova :$bMarietti$9(OLS)http://pul/publisher/48994